Fr. Conceicao Rodrigues College of Engineering

Basic Electrical Engineering (Record no. 25711)

MARC details
000 -LEADER
fixed length control field 00403nam a2200181Ia 4500
082 ## - DEWEY DECIMAL CLASSIFICATION NUMBER
Classification number 621.3/MIT
Item number MIT
100 ## - MAIN ENTRY--PERSONAL NAME
Personal name Mittle/V.N/ Mittal/A
250 ## - EDITION STATEMENT
Edition statement 2
245 ## - TITLE STATEMENT
Title Basic Electrical Engineering
260 ## - PUBLICATION, DISTRIBUTION, ETC.
Name of publisher, distributor, etc. Tata McGraw Hill
Place of publication, distribution, etc. New Delhi
Date of publication, distribution, etc. 2006
366 ## - TRADE AVAILABILITY INFORMATION
Publishers's discount category 10
300 ## - PHYSICAL DESCRIPTION
Extent 828
546 ## - LANGUAGE NOTE
Language note ENGLISH
650 ## - SUBJECT ADDED ENTRY--TOPICAL TERM
Topical term or geographic name entry element Electrical Engineering
654 ## - SUBJECT ADDED ENTRY--FACETED TOPICAL TERMS
Focus term electrical
942 ## - ADDED ENTRY ELEMENTS (KOHA)
Koha item type BOOK
Holdings
Withdrawn status Lost status Damaged status Not for loan Collection Home library Current library Date acquired Source of acquisition Cost, normal purchase price Inventory number Total Checkouts Full call number Barcode Date last seen Cost, replacement price Price effective from Koha item type Total Renewals Date due Date last checked out
        CRC Fr. Agnel's C.Rodrigues College of Engineering AGNEL TECHNICAL COLLEGE LIBRARY 17/03/2023 Chemtech Books Pvt.Ltd. 247.50 163 dt 05/09/2008 5 621.3/MIT MIT 18951 04/01/2025 275.00   BOOK 2   12/12/2024
        CRC Fr. Agnel's C.Rodrigues College of Engineering Fr. Agnel's C.Rodrigues College of Engineering 17/03/2023 Chemtech Books Pvt.Ltd. 247.50 163 dt 05/09/2008   621.3/MIT MIT 18947 17/03/2023 275.00   BOOK      
        CRC Fr. Agnel's C.Rodrigues College of Engineering Fr. Agnel's C.Rodrigues College of Engineering 17/03/2023 Chemtech Books Pvt.Ltd. 247.50 163 dt 05/09/2008 2 621.3/MIT MIT 18948 10/12/2024 275.00   BOOK 1 20/12/2024 10/12/2024
        CRC Fr. Agnel's C.Rodrigues College of Engineering Fr. Agnel's C.Rodrigues College of Engineering 17/03/2023 Chemtech Books Pvt.Ltd. 247.50 163 dt 05/09/2008 5 621.3/MIT MIT 18949 11/03/2026 275.00   BOOK     06/03/2026
        CRC Fr. Agnel's C.Rodrigues College of Engineering Fr. Agnel's C.Rodrigues College of Engineering 17/03/2023 Chemtech Books Pvt.Ltd. 247.50 163 dt 05/09/2008 4 621.3/MIT MIT 18950 21/03/2025 275.00   BOOK     03/01/2025